000 01654nam a22002777a 4500
001 1510
005 20250904155018.0
020 _a9789995054434
040 _aFISKH
_beng
_cFISKH
_dFISKH
082 _a959.6
100 _aBrunon, Paul
245 _aជនជាតិខ្មែរ /
_bស.វ.ទី១៥-ឆ្នាំ១៩៥៣
_cនិពន្ធដោយ Paul Brunon និង ស៊ុនហេង ម៉េងឈាង
250 _aបោះពុម្ពលើកទី ៩​ មិនា ២០២១
260 _aPhnom Penh :
_bSipar,
_c2021.
300 _a44 pages :
_bcolor illustrations ;
_c20 cm
490 _aខ្ញុំចង់ដឹង
505 _aZ'
520 _aខ្មែរភាគ២ ពីសតវត្សទី១៥ ដល់ឆ្នាំ១៩៥៣ រៀបរាប់អំពីព្រឹត្តិការណ៍ប្រវត្តិសាស្ត្រសំខាន់ៗ ចាប់ពីសតវត្សទី១៥ រហូតដល់កម្ពុជាបានទទួលឯករាជ្យ បែងចែកតាមរជ្ជកាល សម័យកាល។
520 _aThe Khmers Part 2, from 15th – 1953 describes significant historical events from 15th century until Cambodia received the independent divided by reigns, period.
521 _a1000
_bLexile estimate
521 _aZ'
_bRaz-Plus
650 _aប្រវត្តសាស្រ្ត
_2រជ្ជកាល
_vស្ថាបត្យកុម្ម
650 _aHistory
_vReign
_xArchitect
700 _aSovannrith, Khun
_cillustrator
942 _2ddc
_cBK
_n0
999 _c1510
_d1510